| 000 | 00390nam a2200145Ia 4500 | ||
|---|---|---|---|
| 008 | 230917s9999||||xx |||||||||||||| ||und|| | ||
| 040 |
_e49669 _aMAIN |
||
| 041 | _aEnglish | ||
| 082 | _a822.33 S15K | ||
| 100 | _aMuir, Kenneth, ed. | ||
| 245 | 0 | _aKing Lear: The Arden edition of the works of William Shakespeare | |
| 260 |
_aLondon _bMethuen _c1967 |
||
| 300 | _alxiv, 259 p. | ||
| 942 | _cBK | ||
| 999 |
_c50373 _d50373 |
||